[Event "HUN-chT2 Barcza 1213"]
[Site "Hungary"]
[Date "2013.04.07"]
[Round "10.2"]
[White "Deak, Sandor"]
[Black "Hidegh, Gabor"]
[Result "1-0"]
[WhiteElo "2313"]
[BlackElo "2145"]
[PlyCount "59"]
[EventDate "2012.09.16"]
[EventType "team-tourn"]
[EventRounds "11"]
[EventCountry "HUN"]
[SourceTitle "EXT 2014"]
[Source "ChessBase"]
[SourceDate "2013.11.20"]
[SourceVersion "1"]
[SourceVersionDate "2013.11.20"]
[SourceQuality "1"]
[WhiteTeam "Nadudvar"]
[BlackTeam "DEAC"]
[WhiteTeamCountry "HUN"]
[BlackTeamCountry "HUN"]

1. d4 Nf6 2. c4 c5 3. d5 b5 4. a4 bxc4 5. Nc3 d6 6. e4 Ba6 7. f4 g6 8. Nf3 Bg7 9. e5 Nfd7 10. e6 fxe6 11. Ng5 Bxc3+ 12. bxc3 0-0 13. Nxe6 Qa5 14. Nxf8 Nxf8 15. Qf3 Nbd7 16. Be2 Rb8 17. 0-0 Nf6 18. f5 Rb3 19. Bd2 Rb2 20. Bg5 N8d7 21. Qe3 Qd8 22. Qe6+ Kg7 23. fxg6 Ne5 24. Qh3 Nxg6 25. Qh6+ Kg8 26. Bxf6 exf6 27. Bh5 Qa8 28. Bxg6 Qxd5 29. Qxh7+ Kf8 30. Rxf6+ 1-0

[Event "HUN-chT2 Barcza 1213"]
[Site "Hungary"]
[Date "2012.11.04"]
[Round "3.2"]
[White "Deak, Sandor"]
[Black "Vanczak, Attila"]
[Result "0-1"]
[WhiteElo "2313"]
[BlackElo "2217"]
[PlyCount "72"]
[EventDate "2012.09.16"]
[EventType "team-tourn"]
[EventRounds "11"]
[EventCountry "HUN"]
[SourceTitle "EXT 2014"]
[Source "ChessBase"]
[SourceDate "2013.11.20"]
[SourceVersion "1"]
[SourceVersionDate "2013.11.20"]
[SourceQuality "1"]
[WhiteTeam "Nadudvar"]
[BlackTeam "Miskolc Kisbocsok"]
[WhiteTeamCountry "HUN"]
[BlackTeamCountry "HUN"]

1. d4 e6 2. c4 c5 3. d5 exd5 4. cxd5 d6 5. Nc3 a6 6. a4 g6 7. Nf3 Bg7 8. Nd2 Nh6 9. Nc4 f5 10. Qb3 Nf7 11. h4 Nd7 12. Bf4 Nde5 13. Nb6 Rb8 14. e3 0-0 15. Be2 Bd7 16. a5 Be8 17. Bg3 Qf6 18. 0-0 Kh8 19. Rad1 Nh6 20. Nc4 Bf7 21. Qb6 Nxc4 22. Bxc4 Rfd8 23. Bf4 Qxh4 24. Bxd6 Qxc4 25. Bxb8 Rxb8 26. d6 Qh4 27. d7 Rd8 28. g3 Qe7 29. Qxb7 Bc4 30. Rfe1 Ng4 31. Nd5 Qxd7 32. Nc7 Qxd1 33. Rxd1 Rxd1+ 34. Kg2 h6 35. b3 Bf1+ 36. Kf3 Be5 0-1

[Event "HUN-chT2 Barcza 1213"]
[Site "Hungary"]
[Date "2012.10.07"]
[Round "2.2"]
[White "Bartha, Laszlo"]
[Black "Deak, Sandor"]
[Result "0-1"]
[WhiteElo "2045"]
[BlackElo "2313"]
[PlyCount "54"]
[EventDate "2012.09.16"]
[EventType "team-tourn"]
[EventRounds "11"]
[EventCountry "HUN"]
[SourceTitle "EXT 2014"]
[Source "ChessBase"]
[SourceDate "2013.11.20"]
[SourceVersion "1"]
[SourceVersionDate "2013.11.20"]
[SourceQuality "1"]
[WhiteTeam "Tiszavasvar"]
[BlackTeam "Nadudvar"]
[WhiteTeamCountry "HUN"]
[BlackTeamCountry "HUN"]

1. d4 Nf6 2. Nf3 d5 3. g3 c6 4. Bg2 Bg4 5. Ne5 Bh5 6. Nd2 e6 7. Ndf3 Nbd7 8. Bf4 Qb6 9. 0-0 Be7 10. c3 Nxe5 11. Bxe5 0-0 12. Qb3 Qa6 13. Rfe1 Ne4 14. Bf4 c5 15. Be3 Rfd8 16. Bf4 c4 17. Qd1 b5 18. Nd2 Nd6 19. f3 b4 20. cxb4 Qb6 21. a3 a5 22. bxa5 Qxb2 23. Qa4 Qc3 24. Kf2 Rxa5 25. Qb4 Ne4+ 26. Nxe4 Bxb4 27. axb4 Qxa1 0-1